| 000 | 01798 a2200241 4500 | ||
|---|---|---|---|
| 001 | 46984 | ||
| 005 | 20260407155739.0 | ||
| 008 | 260407a2001 arg spa d | ||
| 003 | AR-UNSa-BCEJYS | ||
| 040 |
_aAR-UNSa-BCEJYS _bspa _cAR-UNSa-BCEJYS |
||
| 080 |
_a330.101.542 _xMicroeconomía |
||
| 245 | 1 | 0 | _aMicroeconomía y conducta |
| 020 | _a978-84-481-3037-4 | ||
| 250 | _a4a. ed. | ||
| 264 | 1 |
_aMadrid : _bMcGraw-Hill _c2001 |
|
| 300 |
_a595 p. _c25 cm. |
||
| 505 | _aParte I: Introducción: 1. Pensar como un economista - 2. La oferta y la demanda -- Parte II: La teoría de la conducta del consumidor: 3. La elección racional del consumidor - 4. La demanda del consumidor y del mercado - 5. Aplicaciones de las teorías de la elección racional y de la demanda - 6. La economía de la información y la elección en condiciones de incertidumbre (complementario) - 7. Explicación de los gustos: El altruismo y otros tipos de conducta desinteresada (complementario) - 8. Limitaciones cognoscitivas y conducta del consumidor (complementario) -- Parte III: La teoría de la empresa y la estructura del mercado: 9. La producción - 10. Los costos - 11. La competencia perfecta - 12. El monopolio - 13. El oligopolio y la competencia monopolística -- Parte IV: Los mercados de factores: 14. El trabajo - 15. El capital (complementario) -- Parte V: El equilibrio general y el bienestar: 16. El equilibrio general y la eficiencia del mercado - 17. Las externalidades. Los derechos de propiedad y el teorema de coase - 18. El estado (complementario). | ||
| 942 | _cBK | ||
| 590 | _aniveau_biblio:m niveau_hierar:0 | ||
| 100 | 1 | _aFrank, Robert H. | |
| 700 | 1 | _aRabasco, Esther | |
| 856 | 4 | 1 |
_uhttps://www.biblioeco.unsa.edu.ar/pmb/images/libros/L127361.jpg _yImagen de portada _qimage/jpeg |
| 999 |
_c4261 _d4261 |
||